Harry Potter Movie Picture Quiz - Potions - Statistics

General Stats
  • This quiz has been taken 16 times
  • The average score is 4 of 8
Answer Stats
Picture Answer % Correct
Amortentia
100%
Felix Felicis
67%
Polyjuice Potion
67%
Skele-Gro
58%
Draught of Living Death
42%
Veritaserum
42%
Wolfsbane Potion
42%
Aging Potion
25%
No matching quizzes found
Score Distribution
Percent of People with Each Score
Percentile by Number Answered
Your Score History
You have not taken this quiz